PRINCIPLES OF MICROECONOMICS VERSION 2.0 (Record no. 11746)

MARC details
000 -LEADER
fixed length control field 00424nam a22001577a 4500
003 - CONTROL NUMBER IDENTIFIER
control field OSt
005 - DATE AND TIME OF LATEST TRANSACTION
control field 20211012100723.0
008 - FIXED-LENGTH DATA ELEMENTS--GENERAL INFORMATION
fixed length control field 211012b |||||||| |||| 00| 0 eng d
040 ## - CATALOGING SOURCE
Transcribing agency HAWASSA UNIVERSITY
050 ## - LIBRARY OF CONGRESS CALL NUMBER
Classification number 338.5/RIT
Item number 1
082 ## - DEWEY DECIMAL CLASSIFICATION NUMBER
Classification number 338.5/RIT
Item number 1
100 ## - MAIN ENTRY--PERSONAL NAME
Personal name RITTENBERG LIBBY
Fuller form of name RITTENBERG LIBBY
9 (RLIN) 12684
245 ## - TITLE STATEMENT
Title PRINCIPLES OF MICROECONOMICS VERSION 2.0
260 ## - PUBLICATION, DISTRIBUTION, ETC.
Name of publisher, distributor, etc. FLAT WOELD
Date of publication, distribution, etc. 2013
942 ## - ADDED ENTRY ELEMENTS (KOHA)
Source of classification or shelving scheme Dewey Decimal Classification
Koha item type Books like text book referance book
Suppress in OPAC No
Holdings
Withdrawn status Lost status Source of classification or shelving scheme Damaged status Not for loan Home library Current library Date acquired Total Checkouts Full call number Barcode Date last seen Copy number Price effective from Koha item type
    Dewey Decimal Classification     College of Agriculture Library College of Agriculture Library 10/12/2021   338.5/RIT ALIB0004418 10/12/2021 1 10/12/2021 Books like text book referance book